| 000 | 01556pam a2200361 i 4500 | ||
|---|---|---|---|
| 001 | 933287056 | ||
| 003 | DLC-MRC | ||
| 005 | 20200320201033.0 | ||
| 008 | 090506s2016 mnua j b 001 0 eng d | ||
| 020 |
_a9781632351425 : _c19.95 |
||
| 020 | _a1632351420 | ||
| 040 |
_aTRACS _beng _cTRACS _dBDX _dYDXCP _dBTCTA _dZHI _dOCLCF _dGCmBT _dCOB _dTnJaDT _erda |
||
| 082 |
_a591.4 _223 |
||
| 100 | 1 |
_aGagne, Tammy, _eauthor. _95813032 |
|
| 245 | 1 | 0 |
_a12 super-strong animals you need to know / _cby Tammy Gagne. |
| 246 | 3 | _aTwelve super-strong animals you need to know | |
| 264 | 1 |
_aNorth Mankato, MN : _b12 Story Library, _c[2016] |
|
| 300 |
_a32 pages : _bcolor illustrations ; _c24 cm. |
||
| 336 | _atext | ||
| 337 | _aunmediated | ||
| 338 | _avolume | ||
| 490 | 1 | _aSuper-incredible animals | |
| 504 | _aIncludes bibliographical references (page 31) and index. | ||
| 520 | _aFeatures 12 super-strong animals found around the world. Each spread contains fascinating facts, life cycle and habitat information, and interesting traits that make each animal strong. | ||
| 650 | 0 |
_aLearning in animals _vJuvenile literature. _95922289 |
|
| 650 | 0 |
_aAnimals _vJuvenile literature. _95675176 |
|
| 650 | 0 |
_aAnimals _vJuvenile literature _xAdaptation. _95922290 |
|
| 830 | 0 |
_aSuper-incredible animals. _95922291 |
|
| 942 |
_cBOOK _03 |
||
| 948 |
_a09/30/2016 _zSirsi |
||
| 949 |
_d591.4 Gag _p19.95 |
||
| 996 |
_a134175 _b34301001368820 _cJNF _dbk _ewcl _fi _g3 _h19.95 _ldavidson _m591.4 Gag _p11/15/2016 _q05/22/2019 _r05/08/2019 |
||
| 999 |
_c294130 _d294129 |
||